[Event "DEN-chT 25th corr"]
[Site "Denmark"]
[Date "2000.??.??"]
[Round "2"]
[White "Christiansen, Tonny"]
[Black "Ostersen, Steen"]
[Result "1/2-1/2"]
[WhiteElo "2302"]
[BlackElo "2073"]
[PlyCount "59"]
[EventDate "2000.??.??"]
[EventType "team (corr)"]
[EventRounds "4"]
[EventCountry "DEN"]
[SourceTitle "Corr 2004"]
[Source "ChessBase"]
[SourceDate "2003.04.28"]
[SourceVersion "3"]
[SourceVersionDate "2003.04.28"]
[SourceQuality "1"]

1. d4 Nf6 2. Nc3 d5 3. Bg5 Nbd7 4. Nf3 g6 5. e3 Bg7 6. Bd3 0-0 7. 0-0 c5 8. Re1 b6 9. e4 dxe4 10. Nxe4 cxd4 11. Nxd4 Bb7 12. c3 Ne5 13. Bc2 Rc8 14. Qe2 Qd5 15. f3 Nc4 16. Rad1 Nxe4 17. Bxe4 Qxg5 18. Bxb7 Rc7 19. Ba6 Nd6 20. a4 e6 21. Rd3 Qa5 22. Nb5 Rd7 23. Rxd6 Rxd6 24. Nxd6 Qc5+ 25. Kh1 Qxd6 26. Rd1 Qc7 27. g3 Rd8 28. Kg2 Rxd1 29. Qxd1 Bf8 30. Qd4 1/2-1/2

[Event "DEN-ch corr"]
[Site "Denmark"]
[Date "1998.??.??"]
[Round "?"]
[White "Hansen, Morten Moller"]
[Black "Ostersen, Steen"]
[Result "1/2-1/2"]
[WhiteElo "2026"]
[BlackElo "2073"]
[PlyCount "77"]
[EventDate "1998.??.??"]
[EventType "tourn (corr)"]
[EventRounds "10"]
[EventCountry "DEN"]
[SourceTitle "Corr 2004"]
[Source "ChessBase"]
[SourceDate "2003.04.28"]
[SourceVersion "3"]
[SourceVersionDate "2003.04.28"]
[SourceQuality "1"]

1. d4 Nf6 2. c4 e6 3. Nf3 b6 4. a3 Ba6 5. Qc2 Bb7 6. Nc3 c5 7. e4 cxd4 8. Nxd4 Bc5 9. Nb3 Nc6 10. Bg5 h6 11. Nxc5 bxc5 12. Be3 Nd4 13. Qd3 e5 14. Be2 0-0 15. f3 d6 16. 0-0 a5 17. b3 Bc6 18. Rab1 Rb8 19. Bd1 Re8 20. Bc2 Re7 21. a4 Ne8 22. Bd2 Reb7 23. Nb5 Ra8 24. f4 Qd7 25. Nxd4 cxd4 26. Qg3 Qe6 27. f5 Qf6 28. Rf3 Kf8 29. Rbf1 Nc7 30. Qe1 Rba7 31. g4 Ne8 32. h4 Qe7 33. g5 hxg5 34. hxg5 f6 35. g6 Qb7 36. Qe2 Ke7 37. Rb1 Qb6 38. Kg2 Nc7 39. Qe1 1/2-1/2

[Event "DEN-ch corr"]
[Site "Denmark"]
[Date "1998.??.??"]
[Round "?"]
[White "Ostersen, Steen"]
[Black "Sivertsen, Palle"]
[Result "1-0"]
[WhiteElo "2073"]
[BlackElo "2208"]
[PlyCount "39"]
[EventDate "1998.??.??"]
[EventType "tourn (corr)"]
[EventRounds "10"]
[EventCountry "DEN"]
[SourceTitle "Corr 2004"]
[Source "ChessBase"]
[SourceDate "2003.04.28"]
[SourceVersion "3"]
[SourceVersionDate "2003.04.28"]
[SourceQuality "1"]

1. d4 Nf6 2. c4 d6 3. Nf3 g6 4. Nc3 Bf5 5. Nh4 Nbd7 6. Nxf5 gxf5 7. g3 c6 8. Bg2 e6 9. d5 cxd5 10. cxd5 Nc5 11. 0-0 Be7 12. Be3 Qb6 13. Bxc5 dxc5 14. Qa4+ Nd7 15. dxe6 fxe6 16. e4 fxe4 17. Qxe4 Kf7 18. Rfe1 Nf6 19. Qf3 Rhe8 20. Re2 1-0